| 000 | 00816nam a2200205Ii 4500 | ||
|---|---|---|---|
| 003 | JO-AjNU | ||
| 008 | 230605s9999||||xx |||||||||||||| ||und|| | ||
| 017 | _a1983/5/264 | ||
| 040 |
_aJO-AjNU _bara _erda _cJO-AjNU |
||
| 041 | _aara | ||
| 050 | 1 | 4 | _aN72.B5.B5612 1986 |
| 100 | 3 |
_aتأليف مضية، محمد سعيد , _eauthor _948756 |
|
| 245 | 0 | 0 | _a البيولوجي والاجتماعي في الابداع الفني: مجموعة مقالات مترجمة عن الانجليزية |
| 264 | 3 | 1 | _aعمان:دار ابن رشد للنشر والتوزيع,1986 |
| 300 | _a188ص | ||
| 336 |
_atext _btxt _2rdacontent |
||
| 337 |
_aunmediated _bn _2rdamedia |
||
| 338 |
_avolume _bnc _2rdacarrier |
||
| 650 | 4 |
_aالابداع الفني-مقالات مترجمة عن الانجليزية-الفن _948757 |
|
| 999 |
_aA21373 _c24941 _d24941 |
||